Statistics for Cyrillic Languages by Text

Click here to take the quiz!

General Stats

  • This quiz has been taken 139 times
  • The average score is 7 of 9

Answer Stats

HintLanguage% Correct
Уберите в моей комнате, пожалуйста.Russian
87%
Я Великобританії громадянин.Ukrainian
87%
Постоји ли специјалитет куће?Serbian
85%
Къде e cпиpкaта на aвтoбyca?Bulgarian
79%
Я хачу ўзяць машыну напракат.Belarusian
73%
Мені тұтқындамын ба?Kazakh
72%
Добро, ќе го земам.Macedonian
71%
Миний хөвөгч онгоц могой загасаар дүүрсэн байнаMongolian
62%
Бир эле эне тилин билүү жетиштүү эмесKyrgyz
51%

Score Distribution

Percentile by Number Answered

Percent of People with Each Score

Your Score History

You have not taken this quiz